[Event "marquesdepombal"]
[Site "?"]
[Date "2024.10.05"]
[Round "4.10"]
[White "Faryma, Maksym"]
[Black "Gomes, Micael Bouca"]
[Result "1-0"]
[LiveChessVersion "1.4.8"]
[BlackElo "1769"]
[WhiteElo "1954"]

1. e4 {[%clk 1:30:59]} c6 {[%clk 1:30:52]} 2. d4 {[%clk 1:31:23]} d5
{[%clk 1:31:13]} 3. Nd2 {[%clk 1:31:39]} dxe4 {[%clk 1:31:17]} 4. Nxe4
{[%clk 1:32:05]} Bf5 {[%clk 1:31:22]} 5. Ng3 {[%clk 1:32:21]} Bg6
{[%clk 1:31:17]} 6. Nf3 {[%clk 1:32:30]} e6 {[%clk 1:31:10]} 7. Ne5
{[%clk 1:31:38]} Bd6 {[%clk 1:30:22]} 8. Nxg6 {[%clk 1:30:17]} hxg6
{[%clk 1:30:39]} 9. Be2 {[%clk 1:30:40]} Nf6 {[%clk 1:28:31]} 10. c3
{[%clk 1:28:31]} Qc7 {[%clk 1:28:39]} 11. Qb3 {[%clk 1:27:26]} Nbd7
{[%clk 1:16:56]} 12. Nf1 {[%clk 1:25:14]} O-O-O {[%clk 1:06:35]} 13. Be3
{[%clk 1:22:12]} Nd5 {[%clk 1:06:05]} 14. h3 {[%clk 1:19:46]} Nf4
{[%clk 1:00:50]} 15. Bf3 {[%clk 1:17:24]} Nd3+ {[%clk 0:58:14]} 16. Kd2
{[%clk 1:17:37]} Nf4 {[%clk 0:58:09]} 17. Kc2 {[%clk 1:17:21]} Nb6
{[%clk 0:54:19]} 18. Nd2 {[%clk 1:07:19]} c5 {[%clk 0:52:08]} 19. dxc5
{[%clk 1:06:01]} Bxc5 {[%clk 0:52:21]} 20. Bxc5 {[%clk 1:06:25]} Qxc5
{[%clk 0:51:52]} 21. Ne4 {[%clk 1:06:21]} Qc4 {[%clk 0:47:23]} 22. Rad1
{[%clk 1:06:11]} Qxb3+ {[%clk 0:45:42]} 23. axb3 {[%clk 1:05:47]} Kc7
{[%clk 0:44:18]} 24. c4 {[%clk 1:04:52]} Nc8 {[%clk 0:38:52]} 25. g3
{[%clk 0:58:33]} Nh5 {[%clk 0:38:52]} 26. Ng5 {[%clk 0:58:33]} Rxd1
{[%clk 0:38:52]} 27. Rxd1 {[%clk 0:58:33]} Rf8 {[%clk 0:34:14]} 28. Be4
{[%clk 0:59:27]} Ne7 {[%clk 0:26:04]} 29. Bxb7 {[%clk 0:59:27]} Nf6
{[%clk 0:25:12]} 30. Be4 {[%clk 0:58:15]} Nxe4 {[%clk 0:24:15]} 31. Nxe4
{[%clk 0:58:19]} f6 {[%clk 0:23:50]} 32. Nc5 {[%clk 0:58:37]} Rf7
{[%clk 0:18:00]} 33. Nxe6+ {[%clk 0:58:58]} Kb6 {[%clk 0:17:05]} 34. Rd6+
{[%clk 0:58:58]} 1-0